000 00354 a2200109 4500
020 _a0071391223 (alk. paper)
082 _a629.04 KUT
245 _aHandbook of transportation engineering /
_cMyer Kutz, editor.
260 _aNew York :
_bMcGraw-Hill,
_c2004.
300 _a1 v. (various pagings) :
_bill. ;
_c24 cm.
650 _aTransportation engineering
650 _aTraffic engineering
999 _c1740
_d1740